Word Ladder: 500 Goal Club Quiz Stats

 Plays Quiz Updated May 12, 2019

Score 0/42 Timer 04:00
1 Play Today
Clue 4-Letter Word % Correct
Extreme dislikeHATE
94.9%
Batman actor Christian ____BALE
93.4%
Actor DamonMATT
93.2%
Fez and fedora, e.g.HATS
92.7%
K or Wal- followerMART
92.2%
Wolf's cryHOWL
91.4%
Lacking colorPALE
89.9%
Liver secretionBILE
89.8%
Follower of Liberty or TacoBELL
89.3%
Comedienne LucilleBALL
88.9%
Pork or beef, e.g.MEAT
88.7%
Manicurist's toolFILE
88.6%
Sense by touchFEEL
88.4%
Four's followerFIVE
87.9%
Toss a ball down an alleyBOWL
87.6%
Swedish centreman Sundin•MATS•
87.5%
Came downFELL
87.3%
Buck or bullMALE
86.6%
ProduceMAKE
86.5%
Cry and wail uncontrollablyBAWL
86.3%
Pedicure targetsFEET
86.3%
Clue 4-Letter Word % Correct
AchievementFEAT
85.7%
Glass containersJARS
84.5%
Lay asphaltPAVE
83.8%
Mr. Hockey Gordie•HOWE•
83.3%
Talk show host ArsenioHALL
83.1%
NHL MVP trophyHART
81.6%
Palm fruitDATE
81.4%
Jacksonville's NFL team, to fansJAGS
81.1%
Jets legend Hawerchuk•DALE•
81.1%
Gartner, Bossy or Modano•MIKE•
80.7%
Suspected spy Mata ____HARI
79.4%
Long walkHIKE
78.9%
AverageMEAN
78.8%
Chicago NBAerBULL
78.6%
Father and Son Bobby and Brett•HULL•
77.7%
Oilers winger Kurri•JARI•
73.8%
Sabres centre Andreychuk•DAVE•
72.3%
Intentional lossDIVE
70.5%
Driving Miss Daisy's ColburnHOKE
70.3%
Czech sniper Jaromír•JÁGR•
57.8%
Canadiens great Béliveau•JEAN•
50.2%

Today's Daily Dose

Word Ladder
Soccer Snafu

Get the Picture
Explorers by Country

You're not logged in!

Compare scores with friends on all Sporcle quizzes.
OR
Log In

Show Comments

Extras

Top Quizzes Today


Score Distribution

Your Account Isn't Verified!

In order to create a playlist on Sporcle, you need to verify the email address you used during registration. Go to your Sporcle Settings to finish the process.

Report this User

Report this user for behavior that violates our Community Guidelines.

Details: